MARC Record
Leader
003
BE-GnUNI
007
't'u
035
a| (MSK)314001063
245
0
3
a| Il Laboratorio.
546
a| Italiaans
500
a| Tijdschriften
852
4
b| MSK
c| MSK
j| II.IT.23
920
a| tijdschrift
001
000045189
005
20241224121706.0